[Event "ICS rated blitz match"]
[Site "204.178.125.65"]
[Date "2000.07.01"]
[Round "?"]
[White "PostModernist"]
[Black "Hossa"]
[Result "1-0"]
[WhiteElo "2638"]
[BlackElo "2435"]
[PlyCount "119"]
[EventDate "2000.??.??"]

1. d4 c5 2. d5 Nf6 3. Nc3 d6 4. e4 g6 5. f4 Bg7 6. Nf3 O-O 7. Be2 e6 8. dxe6
fxe6 9. O-O Qe7 10. e5 dxe5 11. fxe5 Ng4 12. Qd6 Nc6 13. Bg5 Qxd6 14. exd6 Nd4
15. h3 Nxf3+ 16. Rxf3 Bd4+ 17. Kh1 Nf2+ 18. Kh2 Bd7 19. Be7 Rf5 20. Rf1 Re8 21.
Rxf5 gxf5 22. Bb5 Be5+ 23. Kg1 Nxh3+ 24. gxh3 Bxb5 25. Nxb5 Kf7 26. Kf2 Rg8 27.
Nxa7 Bd4+ 28. Kf3 c4 29. Nb5 Be5 30. Bh4 Bf6 31. Bxf6 Kxf6 32. Na3 c3 33. bxc3
e5 34. Nc4 e4+ 35. Kf4 Rc8 36. Rd1 Ke6 37. d7 Rd8 38. Nb6 e3 39. Kxe3 Ke7 40.
Kf4 Rf8 41. Re1+ Kd8 42. Re5 Rg8 43. Rc5 Ke7 44. Rc8 Rd8 45. Kxf5 Rxd7 46. Nxd7
Kxd7 47. Rh8 h5 48. Rxh5 Ke7 49. Rh7+ Kd6 50. Rxb7 Kd5 51. a4 Kd6 52. a5 Kd5
53. a6 Kc4 54. Rb3 Kd5 55. a7 Kd6 56. a8=Q Kc7 57. Rb7+ Kd6 58. Qa6+ Kc5 59.
Rc7+ Kd5 60. Qd3# {Hossa checkmated} 1-0

[Event "ICS rated bullet match"]
[Site "204.178.125.65"]
[Date "2000.07.01"]
[Round "?"]
[White "Hossa"]
[Black "luis1"]
[Result "1-0"]
[WhiteElo "2551"]
[BlackElo "1654"]
[PlyCount "79"]
[EventDate "2000.??.??"]

1. d4 d5 2. c4 c6 3. Nf3 Nf6 4. Nc3 e6 5. e3 Be7 6. Bd3 Nbd7 7. O-O dxc4 8.
Bxc4 b5 9. Bd3 a6 10. Qc2 Bb7 11. Ne4 c5 12. Nxc5 Nxc5 13. dxc5 Rc8 14. b4 O-O
15. Rd1 Nd5 16. Bxh7+ Kh8 17. Be4 g6 18. Bb2+ Kg8 19. Bxg6 f6 20. e4 Nf4 21.
Rxd8 Rfxd8 22. Nh4 Nxg6 23. Nxg6 Bf8 24. Bxf6 Kf7 25. Bxd8 Rxd8 26. Nxf8 Rxf8
27. Qd2 Bc6 28. Qf4+ Ke7 29. Qd6+ Kf7 30. Qxc6 Rg8 31. Qxa6 Rg6 32. Qxb5 e5 33.
Qd7+ Kg8 34. Qd8+ Kh7 35. Rd1 Rg7 36. Rd7 Rxd7 37. Qxd7+ Kg6 38. g4 Kg5 39. Qe6
Kf4 40. Qf5# {luis1 checkmated} 1-0

[Event "ICS Rated standard match"]
[Site "204.178.125.65"]
[Date "2000.07.02"]
[Round "?"]
[White "PostModernist"]
[Black "Hossa"]
[Result "1-0"]
[WhiteElo "2420"]
[BlackElo "2292"]
[PlyCount "51"]
[EventDate "2000.??.??"]

1. d4 Nf6 2. c4 e6 3. Nf3 b6 4. g3 Bb7 5. Bg2 Be7 6. O-O O-O 7. Nc3 Ne4 8. Qc2
Nxc3 9. Qxc3 f5 10. b3 c5 11. Bb2 Bf6 12. Qd2 d6 13. Rfd1 Nd7 14. e3 Be4 15.
dxc5 Bxb2 16. Qxb2 Nxc5 17. b4 Na6 18. Qd2 d5 19. cxd5 Qxd5 20. Qxd5 Bxd5 21.
a3 Bxf3 22. Bxf3 Rad8 23. Rac1 Rxd1+ 24. Bxd1 e5 25. Be2 Nb8 26. Rc7 {
Hossa resigns} 1-0

[Event "ICS rated blitz match"]
[Site "204.178.125.65"]
[Date "2000.07.02"]
[Round "?"]
[White "Hossa"]
[Black "PostModernist"]
[Result "0-1"]
[WhiteElo "2427"]
[BlackElo "2671"]
[PlyCount "134"]
[EventDate "2000.??.??"]

1. d4 Nf6 2. c4 e6 3. Nf3 b6 4. Nc3 Bb7 5. a3 d5 6. Qc2 Be7 7. cxd5 Nxd5 8. e4
Nxc3 9. bxc3 O-O 10. Bc4 c5 11. O-O cxd4 12. cxd4 Qc7 13. Bd2 Rc8 14. Rfc1 b5
15. Bd3 Qxc2 16. Rxc2 Rxc2 17. Bxc2 a6 18. h3 Nd7 19. Bd3 Nf6 20. e5 Nd5 21.
Be4 Rc8 22. Ng5 h6 23. Nf3 Rc4 24. h4 h5 25. Kh1 f6 26. exf6 gxf6 27. Bg6 Ra4
28. Bc1 Bc6 29. Bxh5 b4 30. Bg4 Bd7 31. Bh5 bxa3 32. Bg6 Bd6 33. h5 Nf4 34.
Bxf4 Bxf4 35. Bc2 Ra5 36. Bg6 Bc6 37. Nh2 Bd2 38. Ng4 Bc3 39. Ra2 Bxd4 40. Ne3
Kg7 41. Kg1 Bxe3 42. fxe3 Bd5 43. Ra1 a2 44. e4 Bc4 45. Be8 Kf8 46. Bc6 Rxh5
47. Kf2 Ke7 48. Ke3 Kd6 49. Kd4 Rc5 50. Be8 Bb3 51. Kd3 Rc2 52. g4 Ke5 53. Ke3
Rb2 54. g5 fxg5 55. Rg1 g4 56. Rh1 Bc4 57. Rh5+ Kd6 58. Kd4 a1=Q 59. e5+ Ke7
60. Rh7+ Kd8 61. Rd7+ Kxe8 62. Ke4 Qh1+ 63. Kd4 Qd1+ 64. Ke3 Qf3+ 65. Kd4 Qd3+
66. Kc5 Rb5+ 67. Kc6 Qxd7# {Hossa checkmated} 0-1

[Event "ICS rated standard match"]
[Site "204.178.125.65"]
[Date "2000.07.02"]
[Round "?"]
[White "Hossa"]
[Black "PostModernist"]
[Result "1-0"]
[WhiteElo "2282"]
[BlackElo "2430"]
[PlyCount "115"]
[EventDate "2000.??.??"]

1. d4 Nf6 2. c4 e6 3. Nf3 b6 4. g3 Ba6 5. b3 Bb4+ 6. Bd2 Bxd2+ 7. Qxd2 c6 8.
Bg2 d5 9. cxd5 cxd5 10. Qc2 Nbd7 11. O-O Ne4 12. Qb2 O-O 13. Na3 Rc8 14. Rac1
Qf6 15. b4 Qh6 16. b5 Bb7 17. Nb1 a6 18. Nfd2 Nxd2 19. Nxd2 axb5 20. e3 Bc6 21.
Rc2 Bb7 22. Rfc1 Rxc2 23. Rxc2 Ba6 24. Rc7 Nb8 25. Qb4 Qh5 26. Nf3 Re8 27. a3
Qf5 28. Ne5 f6 29. Nf3 h6 30. Nd2 Qh5 31. Bf3 Qg5 32. e4 dxe4 33. Nxe4 Qg6 34.
Qb3 f5 35. Qd1 Rd8 36. Bh5 Qh7 37. Nf6+ gxf6 38. Rxh7 Kxh7 39. Bf7 Nd7 40. Bxe6
Ne5 41. f4 Nc4 42. Bxf5+ Kg7 43. Qh5 Bc8 44. Qg6+ Kf8 45. Qxh6+ Ke7 46. Qg7+
Kd6 47. Bxc8 Rxc8 48. Qxf6+ Kc7 49. Qe7+ Kc6 50. h4 Rc7 51. Qe4+ Kd6 52. f5 Re7
53. Qf4+ Kc6 54. f6 Rf7 55. Qf3+ Kc7 56. g4 Nd6 57. g5 Ne8 58. Qh5 1-0

[Event "ICS rated blitz match"]
[Site "204.178.125.65"]
[Date "2000.07.02"]
[Round "?"]
[White "Hossa"]
[Black "ANASTAZJA"]
[Result "1-0"]
[WhiteElo "2421"]
[BlackElo "2362"]
[PlyCount "59"]
[EventDate "2000.??.??"]

1. d4 Nf6 2. c4 g6 3. Nc3 Bg7 4. e4 d6 5. Be2 O-O 6. Bg5 Na6 7. Nf3 e5 8. dxe5
dxe5 9. Qxd8 Rxd8 10. Nd5 Rd6 11. Nxf6+ Bxf6 12. Bxf6 Rxf6 13. Rd1 Bg4 14. Nxe5
Bxe2 15. Kxe2 Re6 16. Nd7 Rxe4+ 17. Kd3 Re7 18. Kc3 Kg7 19. Rhe1 Rae8 20. Rxe7
Rxe7 21. b4 c6 22. b5 cxb5 23. cxb5 Nc7 24. a4 Re2 25. Rd2 Re4 26. Nc5 Rg4 27.
Rd7 Ne8 28. g3 b6 29. f3 bxc5 30. fxg4 {ANASTAZJA resigns} 1-0

[Event "ICS rated blitz match"]
[Site "204.178.125.65"]
[Date "2000.07.02"]
[Round "?"]
[White "ANASTAZJA"]
[Black "Hossa"]
[Result "0-1"]
[WhiteElo "2349"]
[BlackElo "2434"]
[PlyCount "32"]
[EventDate "2000.??.??"]

1. e4 e5 2. Nf3 Nc6 3. Bb5 a6 4. Ba4 Be7 5. O-O Nf6 6. Nc3 b5 7. Bb3 O-O 8. d4
exd4 9. Nxd4 Nxd4 10. Qxd4 c5 11. Qe3 c4 12. e5 Ne8 13. Qe4 Rb8 14. Bxc4 bxc4
15. Qxc4 Nc7 16. Ne4 Rb5 {ANASTAZJA resigns} 0-1

[Event "ICS rated bullet match"]
[Site "204.178.125.65"]
[Date "2000.07.02"]
[Round "?"]
[White "gaiger"]
[Black "Hossa"]
[Result "0-1"]
[WhiteElo "1088"]
[BlackElo "2551"]
[PlyCount "24"]
[EventDate "2000.??.??"]

1. d3 e5 2. e3 d5 3. f3 Bb4+ 4. Bd2 Bc5 5. c3 Bf5 6. c4 dxc4 7. Nc3 cxd3 8. e4
Be6 9. Nd5 Bxd5 10. exd5 Qh4+ 11. g3 Qd4 12. Bg5 Qf2# {gaiger checkmated} 0-1

[Event "ICS rated bullet match"]
[Site "204.178.125.65"]
[Date "2000.07.02"]
[Round "?"]
[White "sharkmeister"]
[Black "Hossa"]
[Result "0-1"]
[WhiteElo "1650"]
[BlackElo "2551"]
[PlyCount "56"]
[EventDate "2000.??.??"]

1. e4 e5 2. Nf3 Nc6 3. Bb5 a6 4. Bxc6 dxc6 5. O-O Qd6 6. Re1 Bg4 7. d3 O-O-O 8.
Be3 Qb4 9. Qc1 Bxf3 10. gxf3 Qd6 11. Nd2 Qg6+ 12. Kf1 Qh5 13. Ke2 Qxh2 14. a3
Nf6 15. b4 Nh5 16. Qb2 Nf4+ 17. Bxf4 Qxf4 18. Rg1 f6 19. Nc4 g6 20. Rg4 Qh2 21.
Rg3 Bh6 22. Rag1 Bf4 23. R1g2 Qh5 24. Rg4 f5 25. Rxf4 exf4 26. Qf6 fxe4 27.
dxe4 Qh1 28. Rg4 Qd1# 0-1

[Event "ICS rated bullet match"]
[Site "204.178.125.65"]
[Date "2000.07.02"]
[Round "?"]
[White "Hossa"]
[Black "sharkmeister"]
[Result "1-0"]
[WhiteElo "2551"]
[BlackElo "1641"]
[PlyCount "23"]
[EventDate "2000.??.??"]

1. d4 d5 2. c4 Nf6 3. Nc3 dxc4 4. Nf3 Bf5 5. e3 e6 6. Bxc4 c5 7. O-O Nbd7 8. d5
exd5 9. Bxd5 Nxd5 10. Qxd5 Be7 11. Qxf5 O-O 12. Rd1 1-0

[Event "ICS rated bullet match"]
[Site "204.178.125.65"]
[Date "2000.07.02"]
[Round "?"]
[White "Hossa"]
[Black "Lysias"]
[Result "1-0"]
[WhiteElo "2551"]
[BlackElo "1587"]
[PlyCount "43"]
[EventDate "2000.??.??"]

1. d4 d6 2. Nf3 Nf6 3. e3 g6 4. Bb5+ Qd7 5. Bxd7+ Bxd7 6. Nc3 Bg7 7. O-O O-O 8.
e4 c6 9. Bg5 h6 10. Bxf6 Bxf6 11. Qd2 Kh7 12. e5 dxe5 13. dxe5 Bg7 14. Qd4 Be6
15. Qb4 b6 16. Qxe7 Nd7 17. Qd6 Rac8 18. Rad1 Rfd8 19. Qa3 c5 20. Qxa7 Ra8 21.
Qc7 Rdc8 22. Qd6 {Lysias resigns} 1-0

[Event "ICS rated bullet match"]
[Site "204.178.125.65"]
[Date "2000.07.02"]
[Round "?"]
[White "Hossa"]
[Black "sharkmeister"]
[Result "1-0"]
[WhiteElo "2551"]
[BlackElo "1677"]
[PlyCount "427"]
[EventDate "2000.??.??"]

1. d4 Nf6 2. c4 e6 3. Nf3 Bb4+ 4. Bd2 Bxd2+ 5. Qxd2 b6 6. e3 Bb7 7. Be2 O-O 8.
Nc3 Ne4 9. Nxe4 Bxe4 10. Bd3 Bxd3 11. Qxd3 f5 12. O-O d6 13. Qe2 Nd7 14. Rad1
Qe7 15. Qd3 Rae8 16. Ra1 Nf6 17. d5 Ne4 18. Nd4 e5 19. Nxf5 Rxf5 20. Qxe4 Ref8
21. Qg4 Qf6 22. f3 h6 23. e4 Rf4 24. Qe6+ Kh7 25. Rfe1 Qg5 26. Kh1 R8f6 27. Qe7
Rf7 28. Qxg5 hxg5 29. h3 Kg6 30. Kg1 Rf8 31. b4 Rh8 32. Kf2 Rf7 33. Rh1 Re8 34.
Ke2 Rfe7 35. Kd2 Rf8 36. a4 Ref7 37. Kc2 Re7 38. Ra3 Ref7 39. Re3 Re7 40. Kb2
Ref7 41. Ra1 Re7 42. a5 Rfe8 43. a6 Rf8 44. Rh1 Ref7 45. Rd3 Re7 46. b5 Ref7
47. Re3 Re7 48. Rf1 Ref7 49. Rd3 Rf6 50. Rg1 R6f7 51. Re3 Rf6 52. Rh1 Rf4 53.
Re2 R4f6 54. Rd2 Rf4 55. Re1 R4f6 56. Rd3 Rf4 57. Rdd1 R4f6 58. Ra1 Rf4 59. Ra4
R4f6 60. Rf1 Rf4 61. Rh1 R4f6 62. Ra3 Rh8 63. Raa1 Rf4 64. Rad1 Rf6 65. Rde1
Rf4 66. Rhf1 Rf6 67. Ra1 Rf4 68. Rad1 Rf6 69. Rg1 Rf4 70. Rde1 Rf6 71. Ref1 Rf4
72. Rh1 Rf6 73. Kc2 Rff8 74. Ra1 Rf7 75. Kd2 Rf6 76. Rab1 Rf7 77. Kc2 Rf6 78.
Rbe1 Rf7 79. Rhf1 Rf6 80. Ra1 Rf7 81. Rfd1 Rf6 82. Rg1 Rf7 83. Ra3 Rf6 84. Re3
Rf7 85. Rf1 Rf6 86. Kb2 Rf7 87. Re2 Rf6 88. Ref2 Rf7 89. Rd2 Rf6 90. Rff2 Rf7
91. Rd1 Rf6 92. Re1 Rf7 93. Rg1 Rf6 94. Kc2 Rf7 95. Re1 Rf6 96. g4 Rf7 97. Rh1
Rf6 98. Kd2 Rf7 99. Kc3 Rh4 100. Kb3 Rf8 101. Kc2 Rfh8 102. Rfh2 Kf6 103. Kb3
Kg6 104. Kb2 Kf6 105. Kc3 Kg6 106. Kd2 Kf6 107. Kc1 Kg6 108. Kd1 Kf6 109. Ke2
Kg6 110. Kd3 Kf6 111. Ke3 Kg6 112. Kf2 Kf6 113. Ke1 Kg6 114. Kf1 Kf6 115. Kg2
Kg6 116. Re1 Kf6 117. Rb1 Kg6 118. Rhh1 Kf6 119. Ra1 Kg6 120. Ra2 Kf6 121. Rc2
Kg6 122. Rd2 Kf6 123. Rd3 Kg6 124. Rb3 Kf6 125. Rc3 Kg6 126. Re3 Kf6 127. Re2
Kg6 128. Rh2 Kf6 129. Rc2 Kg6 130. Rc1 Kf6 131. Rhh1 Kg6 132. Rc3 Kf6 133. Ra3
Kg6 134. Rh2 Kf6 135. Rd3 Kg6 136. Rc3 Kf6 137. Kf2 Kg6 138. Kg3 Kf6 139. Rb3
Ke7 140. Kg2 Kf6 141. Re3 Ke7 142. Rd3 Kf6 143. Rd2 Ke7 144. Rb2 Kf6 145. Rb4
Ke7 146. Rb3 Kf6 147. Re3 Ke7 148. Rd3 Kf6 149. Rd2 Ke7 150. Rb2 Kf6 151. Rb4
Ke7 152. Rb3 Kf6 153. Re3 Ke7 154. Rd3 Kf6 155. Rh1 Ke7 156. Re1 Kf6 157. Rd2
Ke7 158. Rde2 Kf6 159. Rd2 Ke7 160. Rde2 Kf6 161. Rd2 Rxh3 162. Kf2 Rh2+ 163.
Ke3 R2h3 164. Rf2 R3h4 165. Ref1 Rh3 166. Kd2 R8h6 167. Kc2 R6h4 168. Kb2 Ke7
169. Rc1 Kf6 170. Rg1 Ke7 171. Kc2 Kf6 172. Kd3 Ke7 173. Kd2 Kf6 174. Ke2 Ke7
175. Re1 Kf6 176. Kd2 Ke7 177. Kc2 Kf6 178. Kb2 Ke7 179. Rd1 Kf6 180. Kc2 Rg3
181. Kb1 Rhh3 182. Rdf1 Kg6 183. Kb2 Kf6 184. Kc2 Kg6 185. Kc1 Kf6 186. Kd2 Rh4
187. Ke1 Rgh3 188. Ke2 Ke7 189. Rg1 Kf6 190. Rfg2 Ke7 191. Ke3 Kf6 192. Rf1 Ke7
193. Re1 Kf6 194. Kf2 Ke7 195. Rd1 Kf6 196. Rf1 Ke7 197. Ke1 Kf6 198. Kd2 Ke7
199. Kc3 Rh2 200. Rgf2 Rxf2 201. Rxf2 Rh1 202. Kd2 Ra1 203. Ke2 Ra4 204. Kd3
Ra3+ 205. Kd2 Ra2+ 206. Ke1 Ra1+ 207. Kd2 Kf6 208. Kc3 Ra3+ 209. Kb2 Re3 210.
Kc2 Re1 211. Rh2 Rf1 212. Rh8 Rxf3 213. Rf8+ Ke7 214. Rxf3 1-0

[Event "ICS rated blitz match"]
[Site "204.178.125.65"]
[Date "2000.07.02"]
[Round "?"]
[White "A7HeadedMonster"]
[Black "Hossa"]
[Result "1-0"]
[WhiteElo "2200"]
[BlackElo "2446"]
[PlyCount "87"]
[EventDate "2000.??.??"]

1. e4 e5 2. Nf3 Nc6 3. d4 exd4 4. Nxd4 Bc5 5. Be3 Qf6 6. c3 Nge7 7. Bc4 O-O 8.
O-O Bb6 9. f4 d5 10. exd5 Nxd4 11. Bxd4 Nf5 12. Bf2 Ne3 13. Bxe3 Bxe3+ 14. Kh1
Bf5 15. Na3 Rad8 16. Qh5 a6 17. Rae1 Rfe8 18. Qf3 Qb6 19. d6 Rd7 20. Bb3 Bd3
21. Qh3 Rdd8 22. Bc2 Qxd6 23. Nc4 Qc5 24. Bxd3 Rxd3 25. Ne5 Rxe5 26. fxe5 g6
27. Qf3 f5 28. exf6 Qe5 29. Qh3 Rd8 30. f7+ Kg7 31. Rxe3 Qf5 32. Qxf5 gxf5 33.
Re8 Kxf7 34. Rxd8 Kg6 35. Rd7 h6 36. Rxc7 Kg5 37. Rxb7 Kf6 38. Rb6+ Ke7 39.
Rxf5 a5 40. Rxa5 Kd8 41. Ra7 Kc8 42. Rxh6 Kb8 43. Rg7 Kc8 44. Rh8# {
Hossa checkmated} 1-0

[Event "ICS rated standard match"]
[Site "204.178.125.65"]
[Date "2000.07.02"]
[Round "?"]
[White "TheBigEasy"]
[Black "Hossa"]
[Result "0-1"]
[WhiteElo "2049"]
[BlackElo "2304"]
[PlyCount "136"]
[EventDate "2000.??.??"]

1. e4 c6 2. d4 d5 3. exd5 cxd5 4. c4 Nf6 5. cxd5 Nxd5 6. Nc3 e6 7. Bb5+ Bd7 8.
Bxd7+ Qxd7 9. Nf3 Bb4 10. Bd2 Nc6 11. Nxd5 Qxd5 12. Bxb4 Nxb4 13. Qa4+ Nc6 14.
O-O O-O 15. Rfc1 Rfd8 16. Rc5 Qd6 17. Rac1 Nxd4 18. Nxd4 Qxd4 19. Qxd4 Rxd4 20.
Rc7 Rad8 21. Kf1 Rb4 22. Rd7 Rf8 23. Rcc7 Rxb2 24. Rxb7 Rxa2 25. Rxa7 Rxa7 26.
Rxa7 Rd8 27. Ke2 g6 28. Ke3 Kg7 29. h4 Rb8 30. g3 Rb3+ 31. Kd4 h6 32. Ra5 h5
33. Rc5 Ra3 34. Rc7 Rf3 35. Rc2 Kh7 36. Ke4 Rb3 37. Rc5 Kh8 38. Rc8+ Kg7 39.
Rc4 Ra3 40. Rb4 Rc3 41. Kd4 Rf3 42. Rb2 Kf6 43. Ke4 Ra3 44. Rb4 Ra1 45. Rc4 Kg7
46. Kf4 Ra3 47. Ke4 Rb3 48. Kf4 Rd3 49. Ke4 Rd2 50. Ke3 Ra2 51. g4 Ra3+ 52. Ke2
hxg4 53. Rxg4 Kf8 54. Rc4 Kg8 55. Rg4 Kh7 56. Rf4 Ra7 57. Ke3 Kg7 58. Kf3 Rd7
59. Kg4 e5 60. Re4 f5+ 61. Kg5 fxe4 62. Kg4 Rd3 63. h5 gxh5+ 64. Kxh5 Rg3 65.
fxg3 e3 66. Kg4 e2 67. Kf3 e1=Q 68. Kg4 e4 {TheBigEasy resigns} 0-1

[Event "ICS rated standard match"]
[Site "204.178.125.65"]
[Date "2000.07.02"]
[Round "?"]
[White "Bootemout"]
[Black "Hossa"]
[Result "0-1"]
[WhiteElo "1993"]
[BlackElo "2305"]
[PlyCount "74"]
[EventDate "2000.??.??"]

1. d4 Nf6 2. Nf3 e6 3. Bg5 Be7 4. Nbd2 d5 5. e3 Nbd7 6. Bd3 c5 7. c3 cxd4 8.
exd4 h6 9. Bxf6 Bxf6 10. O-O Be7 11. Qe2 O-O 12. Ne5 Nxe5 13. dxe5 Bd7 14. Rad1
Qa5 15. a3 Ba4 16. Rde1 Qc7 17. Qg4 Qd7 18. Nf3 Bb5 19. Re3 Bxd3 20. Rxd3 Qc7
21. Re1 Qb6 22. Re2 Rac8 23. Nd4 Bxa3 24. Rg3 g6 25. h4 Bxb2 26. Qf4 Bxc3 27.
Qxh6 Qb1+ 28. Kh2 Bxd4 29. h5 Rc1 30. Rg5 Rh1+ 31. Kg3 Qd3+ 32. f3 Rc8 33. Re4
Bf2+ 34. Kxf2 Rc2+ 35. Kg3 Rxg2+ 36. Kxg2 Qf1+ 37. Kg3 Rh3+ {Bootemout resigns}
0-1

[Event "ICS rated blitz match"]
[Site "204.178.125.65"]
[Date "2000.07.02"]
[Round "?"]
[White "Hossa"]
[Black "dilworth"]
[Result "0-1"]
[WhiteElo "2445"]
[BlackElo "2593"]
[PlyCount "126"]
[EventDate "2000.??.??"]

1. d4 d5 2. c4 dxc4 3. e4 e5 4. Nf3 exd4 5. Nxd4 Bc5 6. Be3 Nc6 7. Nxc6 Qxd1+
8. Kxd1 Bxe3 9. fxe3 bxc6 10. Bxc4 Nf6 11. Nd2 O-O 12. h3 Re8 13. Bd3 Be6 14.
Ke2 Nd7 15. Nf3 c5 16. b3 c4 17. bxc4 Nc5 18. Nd4 Nxd3 19. Kxd3 Rad8 20. Kc3
Bd7 21. Rad1 Rc8 22. Kd3 Ba4 23. Rd2 Rcd8 24. Ke2 Rxe4 25. Rc1 Rde8 26. Rc3 a6
27. g4 h5 28. gxh5 Bd7 29. Nb3 Bxh3 30. Nc5 Rh4 31. Nxa6 Bg4+ 32. Kf1 Rc8 33.
Rd4 c5 34. Rd5 Be6 35. Nxc5 Bxd5 36. cxd5 Rh1+ 37. Kg2 Rxh5 38. e4 f5 39. d6
fxe4 40. Nxe4 Rxc3 41. Nxc3 Kf7 42. a4 Ke6 43. Ne4 Rd5 44. Kf2 Ke5 45. Ke3 Rd1
46. Nd2 Kxd6 47. Ne4+ Ke5 48. Nc3 Ra1 49. Kd2 g5 50. Ke2 Ra3 51. Nd1 g4 52. Ne3
Rxa4 53. Kf2 Ra2+ 54. Kg3 Ra3 55. Kf2 g3+ 56. Ke2 Ke4 57. Nc4 Ra2+ 58. Kf1 g2+
59. Kg1 Kf3 60. Kh2 Kf2 61. Kh3 g1=Q 62. Kh4 Ra7 63. Ne5 Rh7# {Hossa checkmated
} 0-1

[Event "ICS Rated standard match"]
[Site "204.178.125.65"]
[Date "2000.07.02"]
[Round "?"]
[White "Hossa"]
[Black "CoachNot"]
[Result "0-1"]
[WhiteElo "2310"]
[BlackElo "1897"]
[PlyCount "126"]
[EventDate "2000.??.??"]

1. d4 g6 2. c4 Nf6 3. Nc3 d5 4. cxd5 Nxd5 5. e4 Nxc3 6. bxc3 Bg7 7. Bb5+ c6 8.
Ba4 O-O 9. Ne2 Be6 10. Bb3 Bxb3 11. Qxb3 Qb6 12. Qxb6 axb6 13. Bg5 Nd7 14. Kd2
Rfe8 15. f3 Ra5 16. Be3 Rea8 17. Nc1 b5 18. h4 Nb6 19. h5 Nc4+ 20. Kd3 Nxe3 21.
Kxe3 Bh6+ 22. f4 g5 23. g3 Ra3 24. Nb3 Kf8 25. Kf3 gxf4 26. gxf4 Rxa2 27. Rhd1
Rxa1 28. Rxa1 Rxa1 29. Nxa1 e6 30. Nb3 b6 31. Nc1 Ke7 32. Nd3 Bg7 33. Ke3 f5
34. exf5 exf5 35. Ne5 c5 36. Kd3 Ke6 37. Nf3 cxd4 38. Nxd4+ Bxd4 39. Kxd4 h6
40. Ke3 Kd5 41. Kd3 b4 42. cxb4 b5 43. Ke3 Kc4 44. Kf3 Kxb4 45. Ke3 Kc3 46. Ke2
b4 47. Kd1 Kb2 48. Kd2 b3 49. Kd3 Kc1 50. Kc3 b2 51. Kd3 b1=Q+ 52. Kc4 Qe4+ 53.
Kc5 Qxf4 54. Kb5 Qg5 55. Kc5 Qxh5 56. Kd5 f4+ 57. Kd6 f3 58. Ke6 f2 59. Kd6
f1=Q 60. Kd7 Qd5+ 61. Kc7 Qff7+ 62. Kc8 Qdd7+ 63. Kb8 Qf8# {Hossa checkmated}
0-1

[Event "ICS rated standard match"]
[Site "204.178.125.65"]
[Date "2000.07.02"]
[Round "?"]
[White "Hossa"]
[Black "JZInsomniac"]
[Result "0-1"]
[WhiteElo "2307"]
[BlackElo "2574"]
[PlyCount "126"]
[EventDate "2000.??.??"]

1. e4 c5 2. Nc3 Nc6 3. g3 g6 4. Bg2 Bg7 5. d3 e5 6. f4 d6 7. Nf3 Nge7 8. O-O
O-O 9. fxe5 dxe5 10. Be3 Nd4 11. Qc1 Bg4 12. Rf2 Rc8 13. Bh6 Bxh6 14. Qxh6 Bxf3
15. Bxf3 Qb6 16. Rb1 c4 17. Bg4 cxd3 18. Bxc8 Rxc8 19. Rbf1 dxc2 20. Kh1 f5 21.
Qc1 fxe4 22. Nxe4 Qc6 23. Re1 Nd5 24. Kg1 Rf8 25. Rxf8+ Kxf8 26. Kf1 Nb4 27.
Qe3 Kg8 28. Qg5 Ne6 29. Qe3 Nxa2 30. Nf6+ Kg7 31. Ng4 Qb5+ 32. Kg1 Qxb2 33.
Qh6+ Kg8 34. Nf6+ Kf7 35. Rf1 Nf4 36. gxf4 c1=Q 37. Qxh7+ Kxf6 38. fxe5+ Kxe5
39. Qg7+ Kd5 40. Qd7+ Ke4 41. Qe6+ Kd4 42. Qf6+ Kc5 43. Qe7+ Kb6 44. Rxc1 Qxc1+
45. Kg2 Qc6+ 46. Kh3 Nc3 47. Qb4+ Nb5 48. Qe7 a5 49. Qe3+ Ka6 50. Qe2 a4 51.
Kg3 Qd5 52. Qe8 a3 53. h4 a2 54. Qa8+ Kb6 55. Kh3 Qh1+ 56. Kg4 a1=Q 57. Qxa1
Qxa1 58. Kf4 Qf6+ 59. Ke3 Nd4 60. Kd3 Kc5 61. Kc3 Qf3+ 62. Kd2 Qe2+ 63. Kc1
Qc2# {Hossa checkmated} 0-1

[Event "ICS rated bullet match"]
[Site "204.178.125.65"]
[Date "2000.07.02"]
[Round "?"]
[White "Kinghellimlost"]
[Black "Hossa"]
[Result "0-1"]
[WhiteElo "1390"]
[BlackElo "2554"]
[PlyCount "46"]
[EventDate "2000.??.??"]

1. g4 e5 2. Bg2 Qh4 3. d4 Qxg4 4. Bd5 Qxd4 5. Qxd4 exd4 6. c3 Nf6 7. c4 Nxd5 8.
cxd5 Na6 9. Bf4 Nb4 10. Bg3 Nc2+ 11. Kd2 Nxa1 12. Na3 Bb4+ 13. Kd3 Bxa3 14. Nf3
Bxb2 15. Rb1 Bc3 16. Be5 c5 17. Nxd4 cxd4 18. Bxg7 Rg8 19. Bxd4 Bxd4 20. Kxd4
Nc2+ 21. Kd3 d6 22. Kxc2 Bf5+ 23. Kc3 Bxb1 0-1

[Event "ICS rated standard match"]
[Site "204.178.125.65"]
[Date "2000.07.02"]
[Round "?"]
[White "Amateur"]
[Black "Hossa"]
[Result "1-0"]
[WhiteElo "2343"]
[BlackElo "2301"]
[PlyCount "131"]
[EventDate "2000.??.??"]

1. e4 c5 2. Nf3 Nc6 3. Bb5 d6 4. d4 cxd4 5. Nxd4 Bd7 6. Be3 e5 7. Nxc6 bxc6 8.
Bc4 Nf6 9. Nd2 Be7 10. O-O d5 11. exd5 cxd5 12. Bb3 O-O 13. Nf3 d4 14. Bg5 h6
15. Bh4 Bg4 16. h3 Bxf3 17. Qxf3 Rb8 18. Qf5 Rb5 19. Rfe1 Qb8 20. Bg3 Bd6 21.
Rad1 Rd8 22. Qd3 Rd7 23. Ba4 Rxb2 24. Bxd7 Nxd7 25. c3 Nc5 26. Qc4 Ne6 27. cxd4
exd4 28. Bxd6 Qxd6 29. Rb1 Qb6 30. Rxb2 Qxb2 31. Qa6 Qb8 32. Rc1 Kh7 33. h4 Qb2
34. Rf1 Qb8 35. Qd3+ g6 36. Rb1 Qc7 37. Qe4 Kg8 38. Qf3 a5 39. Rb7 Qc1+ 40. Kh2
Nd8 41. Rd7 Qc8 42. Rxd4 Ne6 43. Ra4 Nc5 44. Rc4 Qb8+ 45. Qg3 Qxg3+ 46. Kxg3
Nb7 47. Rc8+ Kg7 48. Ra8 Kf6 49. Ra7 Nd6 50. Rxa5 Nf5+ 51. Kh3 h5 52. a4 Nd6
53. Rc5 Ne4 54. Rc2 g5 55. hxg5+ Nxg5+ 56. Kh4 Ne4 57. a5 Nd6 58. Rc5 Ne4 59.
Rc6+ Ke7 60. a6 Nxf2 61. a7 Ne4 62. a8=Q Nf6 63. Qa3+ Kd8 64. Qd6+ Nd7 65. Rc7
f6 66. Qxd7# {Hossa checkmated} 1-0

[Event "ICS rated bullet match"]
[Site "204.178.125.65"]
[Date "2000.07.02"]
[Round "?"]
[White "lhg"]
[Black "Hossa"]
[Result "0-1"]
[WhiteElo "2276"]
[BlackElo "2554"]
[PlyCount "68"]
[EventDate "2000.??.??"]

1. e4 e5 2. Nf3 Nc6 3. Bc4 Bc5 4. c3 Nf6 5. d4 exd4 6. b4 Bb6 7. e5 Ne4 8. b5
dxc3 9. bxc6 Bxf2+ 10. Ke2 bxc6 11. Qc2 d5 12. Bb3 Ba6+ 13. Kd1 Bc5 14. Bg5
Nxg5 15. Nxc3 Nxf3 16. gxf3 Bd4 17. Kc1 Bxe5 18. Re1 Qg5+ 19. Kb2 O-O 20. Rad1
d4 21. Rxd4 Bxd4 22. Re4 Qc5 23. Qd2 Rfd8 24. Qc2 Qb4 25. a3 Bxc3+ 26. Qxc3
Rd2+ 27. Qxd2 Qxd2+ 28. Bc2 Rb8+ 29. Rb4 Rxb4+ 30. axb4 Bd3 31. Ka3 Qc1+ 32.
Kb3 Qxc2+ 33. Ka3 Bc4 34. b5 Qb3# {lhg checkmated} 0-1

[Event "ICS rated bullet match"]
[Site "204.178.125.65"]
[Date "2000.07.02"]
[Round "?"]
[White "tolstoi"]
[Black "Hossa"]
[Result "0-1"]
[WhiteElo "2082"]
[BlackElo "2561"]
[PlyCount "22"]
[EventDate "2000.??.??"]

1. d4 g6 2. Nf3 d5 3. g3 Nf6 4. Bg2 Bg7 5. O-O O-O 6. c4 dxc4 7. Ne5 c5 8. dxc5
Qc7 9. Nxc4 Qxc5 10. b3 Ng4 11. Be3 Qh5 {tolstoi resigns} 0-1

[Event "ICS rated standard match"]
[Site "204.178.125.65"]
[Date "2000.07.02"]
[Round "?"]
[White "Hossa"]
[Black "Amateur"]
[Result "1-0"]
[WhiteElo "2287"]
[BlackElo "2357"]
[PlyCount "111"]
[EventDate "2000.??.??"]

1. e4 e5 2. Nf3 Nc6 3. Bb5 a6 4. Ba4 Nf6 5. d4 exd4 6. O-O Nxe4 7. Re1 f5 8.
Nxd4 Nxd4 9. Qxd4 Qh4 10. Nc3 Bd6 11. g3 Qf6 12. Nxe4 fxe4 13. Qxe4+ Kd8 14.
Be3 Be7 15. Bd4 Qf8 16. Qd5 Rb8 17. Ba7 Ra8 18. Be3 Qg8 19. Qh5 Bf6 20. Bb3 Qe8
21. Qd1 h5 22. Bc5 Be5 23. f4 d6 24. fxe5 Qc6 25. Bf2 Bg4 26. Qd2 Kc8 27. exd6
Rd8 28. Qd5 Qxd6 29. Qxd6 Rxd6 30. Re8+ Rd8 31. Rae1 a5 32. Bd4 Ra6 33. Rxd8+
Kxd8 34. Bxg7 a4 35. Bf7 Rd6 36. Be5 Rd1 37. Rxd1+ Bxd1 38. Bf6+ Kc8 39. Kf2
Kd7 40. h3 b5 41. Bg6 Ke6 42. Bg5 b4 43. Bf4 Kd7 44. Bf5+ Kd8 45. g4 hxg4 46.
hxg4 b3 47. cxb3 c6 48. bxa4 Bxa4 49. b3 Bb5 50. a4 Ba6 51. g5 c5 52. g6 Bb7
53. Be6 Be4 54. g7 Bh7 55. g8=Q+ Bxg8 56. Bxg8 {Amateur resigns} 1-0